000 00912cab a2200289 4500
001 WB3141-25
008 090401t1995 xxu||||| |||| 00| 0 eng d
035 _a(Sirsi) u14952
041 _aeng
245 _aCouncils to harness private finance
260 _c1995
350 _a0
490 _aDoE News Release
_v(524) 31 October 1995, (4)
520 _aAn announcement of rule changes to encourage private sector finance in local authority facilities such as schools, leisure centres, libraries, and theatres. Lists 7 rule changes.
650 _aCAPITAL FINANCE RULES
650 _aCAPITAL RECEIPTS
650 _aCOUNTY FARMS
650 _aLEISURE CENTRES
650 _aLIBRARIES
650 _aLOCAL AUTHORITIES
650 _aPRIVATE FINANCE INITIATIVE
650 _aSCHOOLS
650 _aTHEATRES
690 _aPROPERTY-PROPERTY FINANCE AND INVESTMENT
942 _n0
948 _c04/03/1997
999 _c9761
_d9761